World's Deadliest Diseases - Statistics

General Stats
  • This quiz has been taken 97 times
  • The average score is 3 of 13
Answer Stats
No. Of Deaths Disease % Correct
56 Million Black Death
76%
30 Million * HIV / AIDS
66%
56 Million Smallpox
57%
5.7 Million * Covid-19
55%
45 Million Spanish flu
45%
40 Million Plague of Justinian
4%
1 Million Hong Kong Flu
2%
5 Million Antonine Plague
1%
12 Million The Third Plague
1%
3 Million 17th Century Great Plague
0%
1.1 Million Asian Flu
0%
1 Million Cholera 6 Outbreak
0%
1 Million Russian Flu
0%
No matching quizzes found
Score Distribution
Percent of People with Each Score
Percentile by Number Answered
Your Score History
You have not taken this quiz